• 首页
  • 本馆介绍
  • 公告通知
  • 最新文献
  • 馆藏检索
  • 电子资源
  • 读者导购
  • 参考咨询
  • 我的图书馆
  • 登录
  • 期刊详细显示
  • 现刊情况显示
  • 合订本情况显示
  • 篇目信息显示

期刊信息

  • 表格格式
  • 工作单格式
  • 卡片格式
索取号 
C55/QQH
题名 
齐齐哈尔社会科学
作者 
齐齐哈尔社会科学编辑部
分册号 
分册名 
出版地 
黑龙江
出版者 
该刊编辑部
标准刊号 
出版频率 
双月刊
中图法分类 
C55
主题词 
社会科学 连续出版物; 社会科学 期刊
电子资源 
000 00568nas0 2200181 45
001 0752648906
005 20070418143835.20
100    @a20070418d km y0chiy0120 ea
101 0  @achi
200 1  @a齐齐哈尔社会科学@AQi Qi Ha Er She Hui Ke Xue@f齐齐哈尔社会科学编辑部@FQi Qi Ha Er She Hui Ke Xue Bian Ji Bu
210    @a黑龙江@c该刊编辑部
326    @a双月刊
606 0  @a社会科学@x连续出版物
606 0  @a社会科学@x期刊
690    @aC55@v4
711 02 @a齐齐哈尔社会科学编辑部@AQi Qi Ha Er She Hui Ke Xue Bian Ji Bu
801  0 @aCN@bPFT@c20070418
905    @aTJWY@dC55@eQQH
    
    齐齐哈尔社会科学/齐齐哈尔社会科学编辑部.-黑龙江:该刊编辑部
    
    
    
    
    
●
相关链接: 在易读查询期刊 在中国知网中查询期刊 在万方数据查询期刊 在维普查询期刊
唐山师范学院图书馆 欢迎您!
大连网信软件有限公司© 版权所有